Successful Spoken and Written Bizpresenting

Gespeichert in:
Bibliographische Detailangaben
1. Verfasser: Babiaková, Martina
Weitere Verfasser: Luptáková, Jana
Format: Buch
Sprache:Slowakisch
Veröffentlicht: Zvolen Technical University in Zvolen 2014
Ausgabe:1st Edition
Schlagworte:
Tags: Tag hinzufügen
Keine Tags, Fügen Sie das erste Tag hinzu!

MARC

LEADER 00000nam a2200000 4500
001 0286981
005 20240416113607.9
020 |a 978-80-228-2683-9 
041 0 |a slo 
044 |a SK 
245 1 0 |a Successful Spoken and Written Bizpresenting  |c Martina Babiaková, Jana Luptáková 
250 |a 1st Edition 
264 1 |a Zvolen  |b Technical University in Zvolen  |c 2014 
300 |a 86 s. 
610 2 0 |a angličtina 
610 2 0 |a písomníctvo 
610 2 0 |a dokumenty 
610 2 0 |a administratíva 
610 2 0 |a životopisy 
610 2 0 |a korešpondencia 
610 2 0 |a agenda spisová 
100 1 |a Babiaková, Martina 
700 1 |a Luptáková, Jana